000
002560000a22000970004500
100
1
_a
Smith, Mark S. (1955-)
245
1
0
_a
Jeremiah 9:9 --A divine lament
300
_a
Vol. 37, Num 1 (Enero, 1987), Páginas 97-99
773
0
_t
Vetus Testamentum
942
_c
ANA
999
_c
57300
_d
57300